Statistics for Taylor Swift Songs by Letters

Click here to take the quiz!

General Stats

  • This quiz has been taken 29 times
  • The average score is 8 of 15

Answer Stats

HintAnswer% Correct
LWYMMDLook What You Made Me Do
96%
LSLove Story
78%
YBWMYou Belong With Me
78%
AYHTDWSAll You Had to Do Was Stay
70%
DBATCDeath by a Thousand Cuts
70%
DWOHTDancing With Our Hands Tied
59%
MAATHPMiss Americana and the Heartbreak Prince
59%
IFTYEI Forgot That You Existed
56%
TWILYThe Way I Loved You
56%
SBTSad Beautiful Tragic
48%
INTHAFIt's Nice to Have a Friend
41%
APITWA Place in This World
37%
NTWDTNow That We Don't Talk
37%
ATWSGAVRALPSAll Too Well Sad Girl Autumn Version Recorded at Long Pond Studios
33%
AOTGYLBAll of the Girls You've Loved Before
30%

Score Distribution

Percentile by Number Answered

Percent of People with Each Score

Your Score History

You have not taken this quiz